000 00934nam a2200277 c 4500
999 _c8281
_d8281
003 BLK
005 20220228150026.0
008 180412b bul|||||r ||||||| ||bul||
010 _aKNG00009622000
040 _aBLK
041 _aBUL
_cBUL
080 _aБългарска литература
_b821.163.2
_x-311.6
_z821.163.2-311.6
100 1 _aЦанев, Константин
_eпърви автор
_9253383
139 _aЦанев, Константин
_bЦ 16
245 1 0 _aПо пътя на годините
_bКъщата на високия бряг : Роман
_cКонстантин Цанев.
257 _aBGR
260 _bИзд. авт.
_c1995
300 _a479 с.
_c23 см
380 _aX
500 _a2 000 тир.
852 _aЦб 184597
852 _aК 821.163.2/Ц 16 К
856 4 _qpdf
_u
856 4 _qpdf
_u
942 _cKNG
_n0
_s1
944 _aCR
_c15.01.2003
_lф /
_kСимона_Петрова
944 _aED
_c11.08.2014
_lф /
999 _d8281